| 000 | 01279nam a22003137a 4500 | ||
|---|---|---|---|
| 001 | T0000033 | ||
| 003 | KOHA_MİRAKIL | ||
| 005 | 20260207004504.0 | ||
| 007 | ta | ||
| 008 | 190403b2012 xx |||grm|||#0|||0|tur | | ||
| 040 |
_aTR-BiSEU _btur _cTR-BiSEU _erda |
||
| 041 | 0 | _atur | |
| 050 | 0 | 0 |
_aTez _b33 |
| 100 | 1 | _aHatipoğlu, Yıldız Zeliha. | |
| 245 | 1 |
_aDavranışsal iktisat ve 2008 küresel finans krizine getirilen yaklaşımlar/ _cYıldız Zeliha Hatipoğlu ; Yıldız Zeliha Hatipoğlu; danışman İsmail Hakkı İşcan. |
|
| 264 | 1 |
_aBilecik : _bBilecik Şeyh Edebali Üniversitesi _c2012 |
|
| 300 | _aXI, 94 sayfa; 30 cm+1 CD-ROM | ||
| 336 |
_ametin _btxt _2rdacontent |
||
| 337 |
_aaracısız _bn _2rdamedia |
||
| 338 |
_acilt _bnc _2rdacarrier |
||
| 500 | _aRef. No : 438064 | ||
| 500 | _aKaynakça var. | ||
| 500 | _aİngilizce Eser Adı: Behavioral economics and approaches for 2008 global financial crisis | ||
| 502 | _aTez (Yüksek Lisans) -- Bilecik Şeyh Edebali Üniversitesi Sosyal Bilimler Enstitüsü İktisat Anabilim Dalı, Bilecik, . | ||
| 650 | 0 |
_aDavranışsal iktisat--Küresel finans krizi--2008. _9118889 |
|
| 650 | 0 |
_aBehavioral economics--Global financial crisis--2008. _9118890 |
|
| 856 | 4 | 0 | _uhttp://acikkaynak.bilecik.edu.tr/xmlui/handle/11552/110 |
| 907 | _aYüksek Lisans | ||
| 942 |
_2lcc _cTS |
||
| 999 |
_c64584 _d64584 |
||